| 000 | 01084nam a22002657a 4500 | ||
|---|---|---|---|
| 999 |
_c21955 _d21955 |
||
| 003 | AR-CdUCM | ||
| 008 | 190319b ||||| |||| 00| 0 spa d | ||
| 020 | _a9786120011454 | ||
| 040 |
_aMUNICIPALIDAD PROVINCIAL DEL CUSCO _cBIBLIOTECA MUNICIPAL DEL CUSCO |
||
| 082 |
_a610.92/S24 _bS24 _2Segunda |
||
| 100 |
_aSánchez Sánchez, Carlos J _946982 |
||
| 245 |
_aEl alma del cóndor : _bun holocausto olvidado / Carlos J. Sánchez ; prólogo por María Rostworowski |
||
| 260 |
_aLima : _bSan Marcos, _c2013. |
||
| 300 |
_a367 Páginas. : _bilustraciones ; _c20 cm. |
||
| 500 | _aPremio a mejor autobiografía, Book Awards San Diego - California. USA. | ||
| 505 | _aAutobiografía que revela las condiciones actuales de los indígenas, cuya "existencia han empeorado en los últimos quinientos años" | ||
| 650 |
_aMédicos _92096 |
||
| 650 |
_aCondiciones sociales _946983 |
||
| 650 |
_aBiografía _946984 |
||
| 650 |
_aEstados Unidos _946985 |
||
| 650 |
_aPerú _946986 |
||
| 700 |
_aRostworowski de Diez Canseco, María _ePrólogo _97375 |
||
| 942 |
_2ddc _cLIBROS |
||
| 945 | _arac | ||